[Event "Moscow Stars Blitz"]
[Site "Moscow"]
[Date "2025.06.30"]
[Round "17"]
[White "Karjakin, Sergey"]
[Black "Tomashevsky, Evgeny"]
[Result "1/2-1/2"]
[WhiteElo "2750"]
[BlackElo "2681"]
[PlyCount "140"]
[EventDate "2025.06.29"]
[EventType "tourn (blitz)"]
[EventRounds "18"]
[EventCountry "RUS"]
[EventCategory "15"]
[SourceTitle "CB27_2025"]
[SourceDate "2025.07.02"]
[SourceVersion "1"]
[SourceVersionDate "2025.07.02"]
[SourceQuality "1"]

1. e4 e5 2. Nf3 Nc6 3. Bb5 a6 4. Ba4 Nf6 5. 0-0 Be7 6. Bxc6 dxc6 7. d3 Nd7 8. Nbd2 0-0 9. Nc4 f6 10. Nh4 g6 11. Kh1 Nc5 12. Nf3 Ne6 13. Ng1 c5 14. a4 b6 15. Ne2 Bb7 16. f4 exf4 17. Nxf4 Ng7 18. b3 f5 19. Bb2 Bf6 20. e5 Bg5 21. e6 Bxf4 22. Bxg7 Kxg7 23. Rxf4 Qd5 24. Qd2 Rae8 25. Rf2 Rxe6 26. Qf4 Rf7 27. Raf1 Qd4 28. Kg1 Rfe7 29. Qxd4+ cxd4 30. h3 Bd5 31. Rf4 c5 32. R4f2 Bxc4 33. bxc4 a5 34. g3 Re2 35. Kg2 Kf6 36. Rb1 Rxf2+ 37. Kxf2 Re6 38. h4 h6 39. Kf3 g5 40. hxg5+ hxg5 41. Rh1 g4+ 42. Kf2 Kg5 43. Rh8 Rh6 44. Rg8+ Kf6 45. Kg2 Ke5 46. Rf8 Rf6 47. Rg8 Re6 48. Kf2 Kf6 49. Rf8+ Kg6 50. Rg8+ Kf7 51. Rb8 Kg6 52. Rg8+ Kf6 53. Rf8+ Ke5 54. Rg8 Rf6 55. Kg2 Kd6 56. Rd8+ Ke7 57. Rb8 Re6 58. Kf2 Kf7 59. Rc8 Kg6 60. Rf8 Kg5 61. Rg8+ Rg6 62. Rf8 Rf6 63. Rg8+ Kh5 64. Rh8+ Kg6 65. Rg8+ Kh7 66. Rb8 Kg7 67. Kg2 Kf7 68. Rb7+ Kg6 69. Rb8 Re6 70. Kf2 Kg5 1/2-1/2

[Event "Moscow Stars Blitz"]
[Site "Moscow"]
[Date "2025.06.30"]
[Round "10"]
[White "Lagno, Kateryna"]
[Black "Tomashevsky, Evgeny"]
[Result "1-0"]
[WhiteElo "2515"]
[BlackElo "2681"]
[PlyCount "47"]
[EventDate "2025.06.29"]
[EventType "tourn (blitz)"]
[EventRounds "18"]
[EventCountry "RUS"]
[EventCategory "15"]
[SourceTitle "CB27_2025"]
[SourceDate "2025.07.02"]
[SourceVersion "1"]
[SourceVersionDate "2025.07.02"]
[SourceQuality "1"]

1. e4 e5 2. d4 exd4 3. Bc4 Nf6 4. Nf3 Nc6 5. Ng5 Ne5 6. Qxd4 Nxc4 7. Qxc4 d5 8. exd5 Qxd5 9. Qe2+ Be7 10. 0-0 Bg4 11. f3 Bf5 12. Nc3 Qc6 13. Bf4 h6 14. Rfe1 Qc5+ 15. Be3 Qe5 16. f4 Qa5 17. Bf2 0-0 18. Qxe7 Rae8 19. Qc5 Qxc5 20. Bxc5 hxg5 21. Bxf8 Rxf8 22. fxg5 Nd7 23. Nd5 Bxc2 24. Rac1 1-0

[Event "Moscow Stars Blitz"]
[Site "Moscow"]
[Date "2025.06.30"]
[Round "16"]
[White "Tomashevsky, Evgeny"]
[Black "Hou, Yifan"]
[Result "1/2-1/2"]
[WhiteElo "2681"]
[BlackElo "2633"]
[PlyCount "27"]
[EventDate "2025.06.29"]
[EventType "tourn (blitz)"]
[EventRounds "18"]
[EventCountry "RUS"]
[EventCategory "15"]
[SourceTitle "CB27_2025"]
[SourceDate "2025.07.02"]
[SourceVersion "1"]
[SourceVersionDate "2025.07.02"]
[SourceQuality "1"]

1. c4 e6 2. Nc3 d5 3. d4 a6 4. cxd5 exd5 5. Nf3 Nf6 6. Bg5 Be6 7. e3 Nbd7 8. Bd3 c6 9. Qc2 Bd6 10. Bf4 Qc7 11. Bxd6 Qxd6 12. 0-0 0-0 13. h3 Qe7 14. Rab1 1/2-1/2

[Event "Moscow Stars Blitz"]
[Site "Moscow"]
[Date "2025.06.29"]
[Round "8"]
[White "Tomashevsky, Evgeny"]
[Black "Karjakin, Sergey"]
[Result "1/2-1/2"]
[WhiteElo "2681"]
[BlackElo "2750"]
[PlyCount "25"]
[EventDate "2025.06.29"]
[EventType "tourn (blitz)"]
[EventRounds "18"]
[EventCountry "RUS"]
[EventCategory "15"]
[SourceTitle "CB27_2025"]
[SourceDate "2025.07.02"]
[SourceVersion "1"]
[SourceVersionDate "2025.07.02"]
[SourceQuality "1"]

1. d4 d5 2. c4 dxc4 3. Nf3 Nf6 4. e3 e6 5. Bxc4 a6 6. 0-0 c5 7. dxc5 Bxc5 8. Qxd8+ Kxd8 9. Rd1+ Ke7 10. Be2 Nbd7 11. Nbd2 b6 12. b3 Bb7 13. Bb2 1/2-1/2

[Event "Moscow Stars Blitz"]
[Site "Moscow"]
[Date "2025.06.29"]
[Round "1"]
[White "Tomashevsky, Evgeny"]
[Black "Lagno, Kateryna"]
[Result "1/2-1/2"]
[WhiteElo "2681"]
[BlackElo "2515"]
[PlyCount "62"]
[EventDate "2025.06.29"]
[EventType "tourn (blitz)"]
[EventRounds "18"]
[EventCountry "RUS"]
[EventCategory "15"]
[SourceTitle "CB27_2025"]
[SourceDate "2025.07.02"]
[SourceVersion "1"]
[SourceVersionDate "2025.07.02"]
[SourceQuality "1"]

1. d4 Nf6 2. c4 c5 3. d5 b5 4. cxb5 a6 5. b6 e6 6. Nc3 Nxd5 7. Nxd5 exd5 8. Qxd5 Nc6 9. Nf3 Rb8 10. e4 Be7 11. Bc4 0-0 12. 0-0 Rxb6 13. Rd1 d6 14. Qh5 Be6 15. Bxe6 fxe6 16. Ng5 Bxg5 17. Bxg5 Qd7 18. Be3 Nd4 19. Bxd4 cxd4 20. b3 e5 21. Rac1 Rc6 22. Qe2 Rfc8 23. Rxc6 Qxc6 24. h3 a5 25. Qg4 Qc2 26. Rd3 Rf8 27. Qe6+ Kh8 28. Rf3 Qc8 29. Qxd6 Rxf3 30. gxf3 Qc1+ 31. Kh2 Qf4+ 1/2-1/2

[Event "Moscow Region Rapid Cup"]
[Site "Moscow"]
[Date "2024.11.29"]
[Round "1"]
[White "Tomashevsky, Evgeny"]
[Black "Lagno, Kateryna"]
[Result "1/2-1/2"]
[WhiteElo "2681"]
[BlackElo "2527"]
[PlyCount "52"]
[EventDate "2024.11.29"]
[EventType "tourn (rapid)"]
[EventRounds "14"]
[EventCountry "RUS"]
[EventCategory "16"]
[SourceTitle "CB49_2024"]
[SourceDate "2024.12.04"]
[SourceVersion "1"]
[SourceVersionDate "2024.12.04"]
[SourceQuality "1"]

1. e4 e5 2. Nf3 Nc6 3. Bc4 Bc5 4. d3 Nf6 5. 0-0 a6 6. c3 d6 7. a4 Ba7 8. Re1 0-0 9. h3 h6 10. Nbd2 Re8 11. b4 Qe7 12. Nf1 Be6 13. Bxe6 Qxe6 14. Be3 Bxe3 15. Nxe3 d5 16. Qc2 Ne7 17. c4 c6 18. cxd5 cxd5 19. Qb3 Rad8 20. Rac1 Ng6 21. exd5 Nxd5 22. Nxd5 Qxd5 23. Qxd5 Rxd5 24. Rc7 b5 25. axb5 Rxb5 26. Rc6 Rxb4 1/2-1/2

[Event "Moscow Stars Blitz"]
[Site "Moscow"]
[Date "2024.07.02"]
[Round "14"]
[White "Tomashevsky, Evgeny"]
[Black "Goryachkina, Aleksandra"]
[Result "1/2-1/2"]
[WhiteElo "2681"]
[BlackElo "2545"]
[PlyCount "105"]
[EventDate "2024.07.01"]
[EventType "tourn (blitz)"]
[EventRounds "18"]
[EventCountry "RUS"]
[EventCategory "16"]
[SourceTitle "CBM 221 Extra"]
[Source "ChessBase"]
[SourceDate "2024.09.30"]
[SourceVersion "1"]
[SourceVersionDate "2024.09.30"]
[SourceQuality "1"]

1. d4 d5 2. Bf4 Nf6 3. e3 Bf5 4. c4 e6 5. Nc3 dxc4 6. Bxc4 Bd6 7. Nge2 0-0 8. 0-0 Nbd7 9. Rc1 Nb6 10. Bb3 h6 11. Bxd6 cxd6 12. Ng3 Bh7 13. e4 Rc8 14. Qe2 Qe7 15. f3 Rfd8 16. Rfd1 a6 17. h3 Rc7 18. Qe3 Nc4 19. Bxc4 Rxc4 20. Nce2 Rdc8 21. b3 R4c7 22. Rxc7 Rxc7 23. Rc1 d5 24. e5 Ne8 25. Kf2 Qd7 26. Rc3 Bg6 27. Qc1 Rxc3 28. Qxc3 Qc7 29. Ke3 f6 30. Qxc7 Nxc7 31. Nc3 Kf7 32. Nge2 Ke7 33. g4 Be8 34. f4 Bd7 35. Ng3 Be8 36. h4 a5 37. exf6+ gxf6 38. g5 hxg5 39. hxg5 b5 40. a3 Bg6 41. b4 axb4 42. axb4 Na6 43. f5 exf5 44. Nxd5+ Ke6 45. Nf4+ Kf7 46. gxf6 Nxb4 47. d5 Kxf6 48. Kd4 Nxd5 49. Nxd5+ Kg5 50. Ne2 f4 51. Nexf4 b4 52. Nxg6 Kxg6 53. Nxb4 1/2-1/2

[Event "Moscow Stars Blitz"]
[Site "Moscow"]
[Date "2024.07.02"]
[Round "16"]
[White "Tomashevsky, Evgeny"]
[Black "Tabatabaei, Mohammad Amin"]
[Result "0-1"]
[WhiteElo "2681"]
[BlackElo "2718"]
[PlyCount "86"]
[EventDate "2024.07.01"]
[EventType "tourn (blitz)"]
[EventRounds "18"]
[EventCountry "RUS"]
[EventCategory "16"]
[SourceTitle "CBM 221 Extra"]
[Source "ChessBase"]
[SourceDate "2024.09.30"]
[SourceVersion "1"]
[SourceVersionDate "2024.09.30"]
[SourceQuality "1"]

1. e4 c5 2. Nf3 d6 3. Bb5+ Nd7 4. 0-0 a6 5. Bd3 Ngf6 6. Re1 e6 7. Bf1 b6 8. d4 cxd4 9. Nxd4 Bb7 10. Nd2 Be7 11. c4 0-0 12. a3 Qc7 13. b4 Rfd8 14. Bb2 Rac8 15. Qb3 Bf8 16. Rad1 Ne5 17. Qg3 h6 18. h3 Nh5 19. Qe3 Nf6 20. Qg3 Qe7 21. Qe3 g6 22. f4 Ned7 23. f5 Bg7 24. fxe6 fxe6 25. N4f3 e5 26. Nh4 Kh7 27. Be2 Nf8 28. Rf1 Ne6 29. Qg3 Qe8 30. Rf2 Nf4 31. Bf1 b5 32. cxb5 axb5 33. Qe3 Rc2 34. Qb3 Rdc8 35. Nhf3 Nxe4 36. Nxe4 Bxe4 37. Rxd6 Qe7 38. Rdd2 Qa7 39. Kh2 Qxf2 40. Rxf2 Rxf2 41. Qe3 Rcc2 42. Qxe4 Rxb2 43. Nxe5 Rxf1 0-1

[Event "Moscow Stars Blitz"]
[Site "Moscow"]
[Date "2024.07.01"]
[Round "3"]
[White "Hou, Yifan"]
[Black "Tomashevsky, Evgeny"]
[Result "0-1"]
[WhiteElo "2632"]
[BlackElo "2681"]
[PlyCount "130"]
[EventDate "2024.07.01"]
[EventType "tourn (blitz)"]
[EventRounds "18"]
[EventCountry "RUS"]
[EventCategory "16"]
[SourceTitle "CBM 221 Extra"]
[Source "ChessBase"]
[SourceDate "2024.09.30"]
[SourceVersion "1"]
[SourceVersionDate "2024.09.30"]
[SourceQuality "1"]

1. d4 Nf6 2. Nc3 d5 3. Bf4 Bd7 4. e3 e6 5. Nb5 Bxb5 6. Bxb5+ c6 7. Bd3 Bd6 8. Qf3 Bxf4 9. Qxf4 Nbd7 10. Nf3 Qb8 11. Qg5 Qd6 12. 0-0-0 g6 13. Ne5 Qe7 14. f3 Nh5 15. Qg4 0-0-0 16. Qh3 Nhf6 17. Qg3 Nxe5 18. Qxe5 Nd7 19. Qg3 h5 20. h4 Nb6 21. Qg5 Rde8 22. Qxe7 Rxe7 23. e4 dxe4 24. Bxe4 Rd8 25. c3 Nd5 26. Rhe1 Red7 27. Bxd5 cxd5 28. Kd2 Rc7 29. Kd3 Kd7 30. a4 Ke7 31. Ra1 b6 32. a5 b5 33. a6 Rb8 34. Ra5 Kd6 35. Rea1 Kc6 36. Kc2 Kb6 37. Kb3 Rg8 38. R5a2 Rc4 39. Rd1 Rgc8 40. Rd2 Rb8 41. Rd1 Kc6 42. Ra5 b4 43. Kc2 Kd6 44. Rd3 bxc3 45. Rxc3 Rxd4 46. Rac5 Rb6 47. Rc7 Rxa6 48. Rxf7 Rxh4 49. Rf6 g5 50. Re3 Ke7 51. Rg6 Rc6+ 52. Kd3 g4 53. fxg4 Rxg4 54. Rxg4 hxg4 55. b3 Rb6 56. Kc3 a5 57. Rg3 Rb4 58. Rd3 Kd6 59. Rd2 Kc5 60. Re2 Re4 61. Ra2 Re3+ 62. Kd2 Rxb3 63. Rxa5+ Kd6 64. Ke2 Rb2+ 65. Kf1 Ke5 0-1

[Event "Moscow Stars Blitz"]
[Site "Moscow"]
[Date "2024.07.01"]
[Round "6"]
[White "Tomashevsky, Evgeny"]
[Black "Gunina, Valentina"]
[Result "1/2-1/2"]
[WhiteElo "2681"]
[BlackElo "2435"]
[PlyCount "134"]
[EventDate "2024.07.01"]
[EventType "tourn (blitz)"]
[EventRounds "18"]
[EventCountry "RUS"]
[EventCategory "16"]
[SourceTitle "CBM 221 Extra"]
[Source "ChessBase"]
[SourceDate "2024.09.30"]
[SourceVersion "1"]
[SourceVersionDate "2024.09.30"]
[SourceQuality "1"]

1. c4 c6 2. Nf3 d5 3. e3 Bg4 4. Qb3 Qc7 5. cxd5 cxd5 6. Nc3 Bxf3 7. gxf3 e6 8. d4 Nf6 9. Bd2 Nc6 10. Bb5 Be7 11. Rc1 0-0 12. 0-0 Rfc8 13. Ne2 Ne8 14. Qa4 Nd6 15. Bxc6 bxc6 16. b3 Nf5 17. Kh1 Nh4 18. Ng1 Bd6 19. f4 Qb7 20. f3 c5 21. dxc5 Bxc5 22. Rc3 d4 23. exd4 Bb6 24. Rfc1 Rxc3 25. Rxc3 Rd8 26. Qc6 Qa6 27. Be1 Nf5 28. Qc4 Qxa2 29. Rc2 Qa1 30. Rc1 Qxd4 31. Qxd4 Nxd4 32. b4 h5 33. Kg2 Nf5 34. Ne2 Rd3 35. Rc8+ Kh7 36. Rc3 Ne3+ 37. Kg3 Rd1 38. Bf2 Nd5 39. Rb3 h4+ 40. Kg2 Rd2 41. Bxb6 Rxe2+ 42. Bf2 Nxf4+ 43. Kf1 Ra2 44. Bxh4 Rxh2 45. Bg3 Rh1+ 46. Kf2 Nd5 47. b5 Ra1 48. Be5 Ra2+ 49. Kg3 Kg6 50. Bd4 Ra4 51. Bf2 Kf5 52. Rb1 Nf4 53. Rd1 Nd5 54. Rc1 g5 55. Rc8 Ra5 56. Rf8 f6 57. Rb8 Nc3 58. Be1 Rxb5 59. Ra8 Ne2+ 60. Kf2 Rb2 61. Rxa7 Nf4+ 62. Kf1 Rb1 63. Ra3 e5 64. Kf2 Rb2+ 65. Kf1 Rb1 66. Kf2 Nh3+ 67. Ke2 Nf4+ 1/2-1/2

[Event "Moscow Stars Blitz"]
[Site "Moscow"]
[Date "2024.07.01"]
[Round "2"]
[White "Tomashevsky, Evgeny"]
[Black "Lagno, Kateryna"]
[Result "1-0"]
[WhiteElo "2681"]
[BlackElo "2532"]
[PlyCount "101"]
[EventDate "2024.07.01"]
[EventType "tourn (blitz)"]
[EventRounds "18"]
[EventCountry "RUS"]
[EventCategory "16"]
[SourceTitle "CBM 221 Extra"]
[Source "ChessBase"]
[SourceDate "2024.09.30"]
[SourceVersion "1"]
[SourceVersionDate "2024.09.30"]
[SourceQuality "1"]

1. Nf3 Nf6 2. g3 d5 3. Bg2 e6 4. 0-0 Be7 5. b3 0-0 6. Bb2 a5 7. a3 a4 8. b4 c5 9. bxc5 Bxc5 10. d4 Be7 11. c4 dxc4 12. Ne5 Nc6 13. Nxc4 Bd7 14. Nc3 Na5 15. Ne5 Nb3 16. Rb1 Rb8 17. Nxd7 Qxd7 18. Nxa4 Qxa4 19. Ba1 Bxa3 20. Qxb3 b5 21. Bc6 Qxb3 22. Rxb3 b4 23. Rfb1 Rfc8 24. Bf3 Rc1+ 25. Rxc1 Bxc1 26. Bc3 Ba3 27. Bd2 Nd7 28. Kg2 f6 29. Bc6 Nb6 30. Bxb4 Nc4 31. Rxa3 Rxb4 32. Ra7 Nd6 33. e3 Rb8 34. Bd7 e5 35. dxe5 fxe5 36. Ra5 Nf7 37. Be6 Re8 38. Bd5 Kf8 39. Ra6 Ng5 40. h4 Nf7 41. g4 h6 42. Kg3 Nd8 43. Rd6 Nf7 44. Ra6 Rd8 45. Ra5 Nd6 46. Bf3 Re8 47. Rd5 Nf7 48. Be4 Ke7 49. Bg6 Kf6 50. h5 Rb8 51. Bxf7 1-0

[Event "Moscow Stars Blitz"]
[Site "Moscow"]
[Date "2024.07.01"]
[Round "9"]
[White "Tomashevsky, Evgeny"]
[Black "Sadhwani, Raunak"]
[Result "0-1"]
[WhiteElo "2681"]
[BlackElo "2644"]
[PlyCount "98"]
[EventDate "2024.07.01"]
[EventType "tourn (blitz)"]
[EventRounds "18"]
[EventCountry "RUS"]
[EventCategory "16"]
[SourceTitle "CBM 221 Extra"]
[Source "ChessBase"]
[SourceDate "2024.09.30"]
[SourceVersion "1"]
[SourceVersionDate "2024.09.30"]
[SourceQuality "1"]

1. e4 c6 2. Nf3 d5 3. d3 g6 4. e5 Bg7 5. d4 f6 6. exf6 exf6 7. Be2 Ne7 8. 0-0 0-0 9. Re1 Kh8 10. b3 Nf5 11. Bd3 Na6 12. Bxa6 bxa6 13. Ba3 Rg8 14. Nc3 g5 15. Qd3 Nd6 16. Bxd6 Qxd6 17. Na4 Bg4 18. Nc5 Rae8 19. Nd2 a5 20. Nf1 Bh5 21. c3 Bg6 22. Qa6 Qc7 23. Qb7 Qxb7 24. Nxb7 a4 25. b4 a3 26. Na5 Rc8 27. Nd2 Rge8 28. Re3 g4 29. Rae1 Bh6 30. Ndb3 Bxe3 31. fxe3 h5 32. Kf2 h4 33. Nc5 Kg7 34. c4 Bf7 35. Rc1 Rc7 36. Rc3 Rce7 37. cxd5 Bxd5 38. Rxa3 g3+ 39. hxg3 hxg3+ 40. Ke2 Bxg2 41. e4 Bxe4 42. Rxg3+ Kf7 43. Kd2 Bd5 44. Kd3 Re1 45. Nc4 Bxc4+ 46. Kxc4 R8e3 47. Rxe3 Rxe3 48. d5 cxd5+ 49. Kxd5 Ra3 0-1

[Event "Moscow Stars Rapid"]
[Site "Moscow"]
[Date "2024.06.29"]
[Round "9"]
[White "Tomashevsky, Evgeny"]
[Black "Sadhwani, Raunak"]
[Result "1/2-1/2"]
[WhiteElo "2681"]
[BlackElo "2641"]
[PlyCount "26"]
[EventDate "2024.06.27"]
[EventType "tourn (rapid)"]
[EventRounds "9"]
[EventCountry "RUS"]
[EventCategory "16"]
[SourceTitle "EXT 2025"]
[Source "ChessBase"]
[SourceDate "2024.10.14"]
[SourceVersion "1"]
[SourceVersionDate "2024.10.14"]
[SourceQuality "1"]

1. e4 e5 2. Nf3 Nc6 3. Bb5 Nf6 4. 0-0 Nxe4 5. Re1 Nd6 6. Nxe5 Be7 7. Bf1 Nxe5 8. Rxe5 0-0 9. d4 Bf6 10. Re1 Re8 11. c3 Rxe1 12. Qxe1 Ne8 13. Bf4 d5 1/2-1/2

[Event "Moscow Stars Rapid"]
[Site "Moscow"]
[Date "2024.06.28"]
[Round "5"]
[White "Goryachkina, Aleksandra"]
[Black "Tomashevsky, Evgeny"]
[Result "1/2-1/2"]
[WhiteElo "2545"]
[BlackElo "2681"]
[PlyCount "183"]
[EventDate "2024.06.27"]
[EventType "tourn (rapid)"]
[EventRounds "9"]
[EventCountry "RUS"]
[EventCategory "16"]
[SourceTitle "CBM 221 Extra"]
[Source "ChessBase"]
[SourceDate "2024.09.30"]
[SourceVersion "1"]
[SourceVersionDate "2024.09.30"]
[SourceQuality "1"]

1. d4 Nf6 2. c4 e6 3. Nf3 d5 4. g3 Be7 5. Bg2 0-0 6. 0-0 dxc4 7. Qc2 a6 8. a4 Bd7 9. Ne5 Bc6 10. Nxc6 Nxc6 11. e3 Na5 12. Nd2 c5 13. dxc5 Rc8 14. b4 cxb3 15. Nxb3 Nxb3 16. Qxb3 Rxc5 17. Qxb7 a5 18. Ba3 Rc7 19. Qb6 Bxa3 20. Rxa3 Rc2 21. Rb3 Qxb6 22. Rxb6 Ra2 23. Bc6 Nd5 24. Bxd5 exd5 25. Rd1 Rxa4 26. Rxd5 g6 27. Ra6 h5 28. Kg2 Re8 29. Rdxa5 Rxa5 30. Rxa5 Kg7 31. Kf3 Rb8 32. Ra2 Rb4 33. Rd2 Ra4 34. Rd4 Ra2 35. h3 Rb2 36. Rc4 Ra2 37. Rb4 Rc2 38. g4 hxg4+ 39. hxg4 g5 40. Rb5 Kg6 41. Rb6+ f6 42. Kg3 Rc3 43. Ra6 Rb3 44. Ra2 Rc3 45. Re2 Rc1 46. f3 Rg1+ 47. Kf2 Ra1 48. Rd2 Ra3 49. Ke2 Kf7 50. Rc2 Rb3 51. Kd2 Ra3 52. Rc3 Ra2+ 53. Kd3 Rf2 54. Ke4 Kg6 55. f4 gxf4 56. exf4 Re2+ 57. Kf3 Ra2 58. Kg3 Ra1 59. Rc6 Kg7 60. Kf3 Ra4 61. Rb6 Rc4 62. Ke3 Ra4 63. Rd6 Kf7 64. Kf3 Kg7 65. Rd7+ Kg8 66. Ke3 Rb4 67. Rc7 Ra4 68. Kf3 Rb4 69. f5 Ra4 70. Kg3 Ra1 71. Rb7 Rc1 72. Ra7 Rb1 73. Ra4 Kg7 74. Kf4 Re1 75. Ra7+ Kg8 76. Ra4 Kf7 77. Re4 Ra1 78. Ke3 Ra5 79. Rc4 Rd5 80. Ke4 Re5+ 81. Kd4 Re1 82. Rc7+ Kf8 83. Kd5 Re5+ 84. Kd6 Re4 85. Ra7 Re1 86. Ra4 Kf7 87. Rd4 Re2 88. Kc7 Re1 89. Rd7+ Kf8 90. Kd6 Re4 91. Rc7 Re1 92. Rc8+ 1/2-1/2

[Event "Moscow Stars Rapid"]
[Site "Moscow"]
[Date "2024.06.28"]
[Round "4"]
[White "Tomashevsky, Evgeny"]
[Black "Karjakin, Sergey"]
[Result "1/2-1/2"]
[WhiteElo "2681"]
[BlackElo "2750"]
[PlyCount "21"]
[EventDate "2024.06.27"]
[EventType "tourn (rapid)"]
[EventRounds "9"]
[EventCountry "RUS"]
[EventCategory "16"]
[SourceTitle "CBM 221 Extra"]
[Source "ChessBase"]
[SourceDate "2024.09.30"]
[SourceVersion "1"]
[SourceVersionDate "2024.09.30"]
[SourceQuality "1"]

1. d4 Nf6 2. c4 e6 3. Nf3 d5 4. g3 Bb4+ 5. Bd2 Be7 6. Bg2 0-0 7. 0-0 Nbd7 8. Qc2 c6 9. Rd1 b6 10. Bf4 Ba6 11. b3 1/2-1/2